Babasaheb Ambedkar and The Untouchable Movement (Record no. 227911)
[ view plain ]
| 000 -LEADER | |
|---|---|
| fixed length control field | 00626nam a22002177a 4500 |
| 005 - DATE AND TIME OF LATEST TRANSACTION | |
| control field | 20230717092913.0 |
| 008 - FIXED-LENGTH DATA ELEMENTS--GENERAL INFORMATION | |
| fixed length control field | 230717b ||||| |||| 00| 0 eng d |
| 020 ## - INTERNATIONAL STANDARD BOOK NUMBER | |
| International Standard Book Number | 818719071X |
| 040 ## - CATALOGING SOURCE | |
| Transcribing agency | AL |
| 041 ## - LANGUAGE CODE | |
| Language code of text/sound track or separate title | English |
| 082 ## - DEWEY DECIMAL CLASSIFICATION NUMBER | |
| Edition number | 23 |
| Classification number | 322.440 |
| Item number | ZELB |
| 100 ## - MAIN ENTRY--PERSONAL NAME | |
| Personal name | Eleanor Zelliot |
| 100 ## - MAIN ENTRY--PERSONAL NAME | |
| 9 (RLIN) | 127239 |
| 245 ## - TITLE STATEMENT | |
| Title | Babasaheb Ambedkar and The Untouchable Movement |
| 260 ## - PUBLICATION, DISTRIBUTION, ETC. | |
| Place of publication, distribution, etc. | New Delhi |
| Name of publisher, distributor, etc. | Blumoon Books |
| Date of publication, distribution, etc. | 2004 |
| 300 ## - PHYSICAL DESCRIPTION | |
| Extent | x,278 p. |
| Other physical details | PB |
| Dimensions | 21.5x13.5 cm. |
| 650 ## - SUBJECT ADDED ENTRY--TOPICAL TERM | |
| Topical term or geographic name entry element | India--Maharashtra |
| 9 (RLIN) | 127240 |
| 650 ## - SUBJECT ADDED ENTRY--TOPICAL TERM | |
| Topical term or geographic name entry element | Politics and government |
| 9 (RLIN) | 127241 |
| 650 ## - SUBJECT ADDED ENTRY--TOPICAL TERM | |
| Topical term or geographic name entry element | Dalits |
| 9 (RLIN) | 127242 |
| 700 ## - ADDED ENTRY--PERSONAL NAME | |
| Personal name | ZELLIOT (Eleanor) |
| 9 (RLIN) | 127243 |
| 942 ## - ADDED ENTRY ELEMENTS (KOHA) | |
| Source of classification or shelving scheme | Dewey Decimal Classification |
| Koha item type | Donated Books |
| Withdrawn status | Lost status | Source of classification or shelving scheme | Damaged status | Not for loan | Collection code | Home library | Current library | Date acquired | Total Checkouts | Full call number | Barcode | Date last seen | Cost, replacement price | Price effective from | Koha item type | Public note |
|---|---|---|---|---|---|---|---|---|---|---|---|---|---|---|---|---|
| Dewey Decimal Classification | Political Science | St Aloysius Library | St Aloysius Library | 06/27/2023 | 322.440 ZELB | D06017 | 07/17/2023 | 250.00 | 07/17/2023 | Donated Books | Donated by V.T. Rajshekar |